Pūkkaḷin̲ nakaram = (Record no. 199772)

MARC details
000 -LEADER
fixed length control field 01071nam a2200289 i 4500
005 - DATE AND TIME OF LATEST TRANSACTION
control field 20250615120950.0
008 - FIXED-LENGTH DATA ELEMENTS--GENERAL INFORMATION
fixed length control field 250615s2023 ii a br 000 1 tam d
020 ## - INTERNATIONAL STANDARD BOOK NUMBER
International Standard Book Number 9788119063840
Terms of availability RM11.20
Qualifying information paperback
040 ## - CATALOGING SOURCE
Original cataloging agency PPAK
Language of cataloging eng
Transcribing agency PPAK
Description conventions rda
082 04 - DEWEY DECIMAL CLASSIFICATION NUMBER
Edition number 23
Classification number 894.8113
090 00 - LOCALLY ASSIGNED LC-TYPE CALL NUMBER (OCLC); LOCAL CALL NUMBER (RLIN)
Classification number (OCLC) (R) ; Classification number, CALL (RLIN) (NR) 894.8113
Feature heading RAM
Feature heading K
100 0# - MAIN ENTRY--PERSONAL NAME
Personal name Ramaṇi,
Relator term author.
245 10 - TITLE STATEMENT
Linkage 880-01
Title Pūkkaḷin̲ nakaram =
Remainder of title The city of flowers /
Statement of responsibility, etc. Ramaṇi ; Illustrator: Piḷḷai
250 ## - EDITION STATEMENT
Edition statement Mutal patippu
264 #1 - PRODUCTION, PUBLICATION, DISTRIBUTION, MANUFACTURE, AND COPYRIGHT NOTICE
Place of production, publication, distribution, manufacture Trichy :
Name of producer, publisher, distributor, manufacturer S. R. V. Tamil Publishing,
Date of production, publication, distribution, manufacture, or copyright notice 2023
300 ## - PHYSICAL DESCRIPTION
Extent 12 pages :
Other physical details colour illustrations ;
Dimensions 17 x 19 cm
336 ## - CONTENT TYPE
Content type term text
Source rdacontent
337 ## - MEDIA TYPE
Media type term unmediated
Source rdamedia
338 ## - CARRIER TYPE
Carrier type term volume
Source rdacarrier
500 ## - GENERAL NOTE
General note Children's stories
546 ## - LANGUAGE NOTE
Language note In Tamil
650 10 - SUBJECT ADDED ENTRY--TOPICAL TERM
Topical term or geographic name entry element Children's stories, Tamil
Topical term or geographic name entry element Tamil fiction
700 0# - ADDED ENTRY--PERSONAL NAME
Personal name Piḷḷai,
Relator term illustrator.
880 ## - ALTERNATE GRAPHIC REPRESENTATION
Linkage 245-01/$1
a பூக்களிந் நகரம் / ரமணி ; வரைபடக்காரர்: பிள்ளாய்
942 ## - ADDED ENTRY ELEMENTS (KOHA)
Source of classification or shelving scheme Dewey Decimal Classification
Koha item type Book
Holdings
Withdrawn Not for loan Current library Shelving location Date acquired Total Checkouts Full call number Barcode Date last seen Koha item type
    Perpustakaan Alor Setar Pinjaman Kanak-kanak 13/07/2025   K 894.8113 RAM A01870890 13/07/2025 Book
    Perpustakaan Awam Sungai Petani Pinjaman Kanak-kanak 13/07/2025   K 894.8113 RAM A01870891 13/07/2025 Book